00666nam a2200193 i 4500003000900000005001700009007000300026008004100029040003000070082001300100100004600113245005700159264007700216300002800293336002700321337003400348338002800382500006200410DO-SdBNP20240906144548.0ta240906s2005 dr 000 j spa d aDO-SdBNPbspacBNPHUerda bM3752221 aMarte Pérez, Delio Anibald1952-eautor13aLa historia de Camú /cDelio Anibal Marte Pérez  1aPuerto Plata, República Dominicana :b[editor no identificado],c2005. a23 páginas, c21 cm. atextobtxt2rdacontent asin mediación bn2rdamedia avolumenbnc2rdacarrier aIncluye datos biográficos del autor en la página 23.